Movies of 1998 Quiz Stats

 Plays Quiz Updated Oct 1, 2018

Also try: Movies of 1999
Challenge
Share
Tweet
Score 0/16 Timer 06:00
4 Plays Today
% Correct
Saving Private Ryan
93.5%
A Bug's Life
92.3%
Mulan
90.3%
The Wedding Singer
87.5%
There's Something About Mary
81%
Blade
74.6%
The Big Lebowski
72.7%
Armageddon
71.4%
% Correct
American History X
70.2%
The Truman Show
69.1%
Shakespeare in Love
57.7%
Rush Hour
55.8%
A Night at the Roxbury
53.1%
Fear and Loathing in Las Vegas
51.1%
Run Lola Run
36.8%
The Thin Red Line
34.5%

You're not logged in!

Compare scores with friends on all Sporcle quizzes.
OR
Log In

You Might Also Like...

Show Comments

Extras

Top Quizzes Today


Score Distribution

Your Account Isn't Verified!

In order to create a playlist on Sporcle, you need to verify the email address you used during registration. Go to your Sporcle Settings to finish the process.

Report this User

Report this user for behavior that violates our Community Guidelines.

Details: